| Tag |
First Indicator |
Second Indicator |
Subfields |
| LEADER |
00000cam a2200000 i 4500 |
| 001 |
in00000047807 |
| 005 |
20151007075536.0 |
| 008 |
791218s1959 wvuab b 10000 eng |
| 010 |
|
|
|a a 60009936
|
| 035 |
|
|
|a (OCoLC)05810388
|
| 035 |
|
|
|9 AAF3391AM
|
| 040 |
|
|
|a DLC
|c WKM
|d TXA
|d UtOrBLW
|
| 049 |
|
|
|a TXAM
|c [330833]
|
| 050 |
|
0 |
|a S583
|b .W4 1959
|
| 092 |
|
|
|a 630.24
|b W521m, 1959
|
| 110 |
2 |
|
|a West Virginia University.
|
| 245 |
1 |
0 |
|a Magnesium and agriculture ;
|b proceedings of the symposium held Sept. 3 and 4, 1959 /
|c Sponsored by the Departments of Animal Husbandry [and] Agronomy and Genetics.
|
| 264 |
|
1 |
|a Morgantown,
|b [publisher not identified] ;
|c 1959.
|
| 300 |
|
|
|a vii, 217 pages :
|b illustrations, maps, tables. ;
|c 27 cm.
|
| 336 |
|
|
|a text
|b txt
|2 rdacontent
|
| 337 |
|
|
|a unmediated
|b n
|2 rdamedia
|
| 338 |
|
|
|a volume
|b nc
|2 rdacarrier
|
| 504 |
|
|
|a Includes bibliographies.
|
| 650 |
|
0 |
|a Agricultural chemistry
|x Congresses.
|
| 650 |
|
0 |
|a Magnesium.
|
| 999 |
|
|
|a MARS
|
| 999 |
f |
f |
|s ae097446-e19d-376b-87cf-6a4c1ce6e8b6
|i b3bc9bba-ffbf-3268-ae4e-f75850317b75
|t 0
|
| 952 |
f |
f |
|p ric
|a Texas A&M University
|b Rellis Campus
|c Joint Library Facility
|d Remote Storage
|t 0
|e S583 .W4 1959
|h Library of Congress classification
|i unmediated -- volume
|m A14801054431
|
| 998 |
f |
f |
|a S583 .W4 1959
|t 0
|l Remote Storage
|